The Ulama of farangi mahall and islamic culture in South Asia / (Record no. 65558)

MARC details
000 -LEADER
fixed length control field 00577nam a22001577a 4500
005 - DATE AND TIME OF LATEST TRANSACTION
control field 20120424125019.0
020 ## - INTERNATIONAL STANDARD BOOK NUMBER
International Standard Book Number 8178241196
Terms of availability 295.00
035 ## - SYSTEM CONTROL NUMBER
System control number B-88304
037 ## - SOURCE OF ACQUISITION
Stock number DPL
Source of stock number/acquisition ENG
100 ## - MAIN ENTRY--PERSONAL NAME
Personal name Robinson, Francis
245 ## - TITLE STATEMENT
Title The Ulama of farangi mahall and islamic culture in South Asia /
Statement of responsibility, etc by Francis Robinson
260 ## - PUBLICATION, DISTRIBUTION, ETC. (IMPRINT)
Place of publication, distribution, etc Delhi
Name of publisher, distributor, etc Permanent Black
Date of publication, distribution, etc 2005
300 ## - PHYSICAL DESCRIPTION
Extent 267p.
Dimensions 20 cms.
942 ## - ADDED ENTRY ELEMENTS (KOHA)
Source of classification or shelving scheme Dewey Decimal Classification
Item type English Books
Classification part 506.0954
Call number suffix ROB
Holdings
Withdrawn status Lost status Not for loan Collection code Home library Current library Date acquired Cost, normal purchase price Full call number Barcode Cost, replacement price Koha item type
      Non-fiction Sarojini Nagar Sarojini Nagar 24/04/2012 295.00 506.0954 ROB B-88304 295.00 English Books

© Delhi Public Library
Hit Counter
free hit counter